| 000 | 00871nam a2200265 i 4500 | ||
|---|---|---|---|
| 003 | DO-SdBNP | ||
| 005 | 20241217103541.0 | ||
| 007 | ta | ||
| 008 | 241217s2018 dr 000 0 spa d | ||
| 020 | _a9789945901948 | ||
| 040 |
_aDO-SdBNP _bspa _cBNPHU _erda |
||
| 082 |
_axxx _bP579 _222 |
||
| 100 |
_aPiña-Contreras, Guillermo, _d1952- _9315 _eautor _4aut. |
||
| 245 | 1 | 3 |
_aLa reina de Santomé : _b(historias de la vida de provincia) / _cGuillermo Piña-Contreras |
| 264 | 1 |
_aSanto Domingo : _bFundación Marcio Veloz-Maggiolo, _c©2018. |
|
| 300 |
_a390 páginas _c21 cm. |
||
| 336 |
_atexto _btxt _2rdacontent |
||
| 337 |
_asin mediación _bn _2rdamedia |
||
| 338 |
_avolumen _bnc _2rdacarrier |
||
| 490 | 1 |
_aNovela _v1 |
|
| 500 | _aIncluye datos biografícos del autor en las solapas. | ||
| 590 | _aInventariado, 2024/ YL | ||
| 910 | _aYLockward | ||
| 942 |
_2ddc _cLBS1 |
||
| 999 |
_c57966 _d57966 |
||